| 000 | 00688nam a2200217 i 4500 | ||
|---|---|---|---|
| 001 | 87023 | ||
| 003 | ES-MaACL | ||
| 005 | 20230906175556.0 | ||
| 007 | t| | ||
| 008 | 041217s1914 fr ||||1| fre d | ||
| 100 | 1 |
_aKorkounov, N. M. _968595 |
|
| 245 | 1 | 0 |
_aCours de theorie generale du Droit / _cpar N.M. Korkounov ; traduit par J. Tchernoff. |
| 250 | _a2éme ed. | ||
| 260 |
_aParis : _b[s.n., _c1914] ( _fGand imp. de Blois) |
||
| 300 |
_a563 p. ; _c22 cm. |
||
| 490 | 1 | _aBibliothèque internationale de droit public | |
| 700 | 1 |
_aTchernoff, J. _9109485 |
|
| 830 | 0 |
_aBibliothèque internationale de droit public _9180878 |
|
| 852 |
_aES-MaACL _jD-582 |
||
| 999 |
_c87023 _d87023 |
||